000 00421nab a2200145Ia 4500
003 ES-SlBCS
005 20210601130452.0
008 140529s1977 xxu||||| |||| 00| 0 fre d
041 _afre
100 1 _aMoreau, Jean
_9173351
245 0 0 _aSpinoza et la création
_c Jean Moreau
600 1 4 _aSpinoza-Creación
_9173352
773 0 _tGiornali di Metafisica
_gvol. 32, nº. 6, 1977, págs. 487-554
_w0017-0372
942 _cAR
999 _c547198
_d547198